000 00657nam a2200193 a 4500
001 000040113
005 20201002033927.0
008 130807s1990 ag a 000 0 spa d
020 _a8486344867
040 _aDO-SdBNP
_bspa
_cBNPHU
100 1 _aSiegel, Bernie s.
_949420
240 1 0 _aPeace, love and healing
_lEspañol
245 1 0 _aPaz, amor y autocuración /
_cBernie S. Siegel ; traducción Martha I. Guastavino.
260 _aBarcelona :
_bEdiciones Urano,
_c1990.
300 _a345 p. :
_bils. ;
_c23 cm.
500 _aIncluye notas al pie de las páginas
500 _aTraducido del idioma inglés
700 1 _aGuastavino, Martha I.,
_etrad.
_966378
999 _c39603
_d39603